Marketingové řízení.

V dobe transformácie poľnohospodárskych podnikov je dôležitou otázkou tvorba marketingovej stratégie podnikov. Stručná charakteristika jednotlivých relatívne samostatných fáz tvorby marketingovej stratégie. Realizácia marketingovej stratégie.

Na minha lista:
Detalhes bibliográficos
Autor principal: Hron, J.
Formato: Capítulo de Livro
Idioma:tcheco
Assuntos:
Tags: Adicionar Tag
Sem tags, seja o primeiro a adicionar uma tag!

MARC

LEADER 00000naa a2200000 4500
001 r009781
005 20220831090010.0
041 0 |a cze 
044 |a [CS] 
245 1 0 |a Marketingové řízení.  |c J. Hron 
520 |a V dobe transformácie poľnohospodárskych podnikov je dôležitou otázkou tvorba marketingovej stratégie podnikov. Stručná charakteristika jednotlivých relatívne samostatných fáz tvorby marketingovej stratégie. Realizácia marketingovej stratégie. 
610 2 0 |a marketing 
610 2 0 |a podnik poľnohospodársky 
610 2 0 |a stratégia podniková 
610 2 0 |a riadenie podnikové 
610 2 0 |a ČSFR 
100 1 |a Hron, J.